000 00795 a2200205 4500
999 _c2134
_d2134
020 _a9780073377100 (alk. paper)
020 _a0073377104 (alk. paper)
050 0 0 _aHF5387 GHI 2010
100 1 _aGhillyer, Andrew.
_eauthor
245 1 0 _aBusiness ethics :
_ba real world approach /
_cAndrew Ghillyer.
250 _a2nd ed.
264 _aBoston
_bMcGraw-Hill
_c2010
300 _axx, 359 p. :
_bcol. ill. ;
500 _aIncludes index
504 _aIncludes bibliographical references (p. 346-347)
650 0 _aBusiness ethics.
650 0 _aBusiness ethics-- case studies
942 _2lcc
_cBK
_e2nd ed.
_h5387
_iGHI
_kHF